[Event "aut_ychb14 St. Georgen"]
[Site "?"]
[Date "2007.??.??"]
[Round "1.1"]
[White "Gerhold, Christoph"]
[Black "Halvax, Georg"]
[Result "0-1"]
[WhiteElo "1689"]
[BlackElo "2008"]
[PlyCount "34"]
[EventDate "2007.05.26"]

1. d4 d5 2. c4 e6 3. Nc3 Nf6 4. e3 c6 5. Nf3 Nbd7 6. Bd2 Bd6 7. Qc2 O-O 8. Bd3
Re8 9. cxd5 exd5 10. O-O Nf8 11. h3 Bd7 12. Rab1 a5 13. a3 Qc8 14. Rfc1 Bxh3
15. gxh3 Qxh3 16. Qd1 Ng4 17. Be1 Bh2+ 0-1

[Event "aut_ychb14 St. Georgen"]
[Site "?"]
[Date "2007.??.??"]
[Round "1.2"]
[White "Azad, Razik"]
[Black "Kammerer, Gernot"]
[Result "1-0"]
[WhiteElo "1974"]
[BlackElo "1687"]
[PlyCount "119"]
[EventDate "2007.05.26"]

1. e4 c5 2. Nf3 Nc6 3. d4 cxd4 4. Nxd4 g6 5. c4 Bg7 6. Be3 Nf6 7. Nc3 O-O 8.
Be2 d6 9. O-O Bd7 10. Qd2 a5 11. b3 Nxd4 12. Bxd4 Bc6 13. f3 Nd7 14. Bxg7 Kxg7
15. Kh1 Kg8 16. Rad1 Nc5 17. Bd3 Qc7 18. Nd5 Bxd5 19. exd5 e5 20. dxe6 fxe6 21.
Bc2 Rad8 22. a3 e5 23. b4 axb4 24. axb4 Ne6 25. Qd5 Qf7 26. Be4 Nf4 27. Qxf7+
Kxf7 28. g3 Ne6 29. Bxb7 Rb8 30. Bc6 Rxb4 31. Rxd6 Rd8 32. Rxd8 Nxd8 33. Bd5+
Kf6 34. f4 Nb7 35. fxe5+ Kxe5 36. Rf7 Nd6 37. Rxh7 Nxc4 38. Bxc4 Rxc4 39. Rf7
Rc2 40. Kg1 g5 41. Rf2 Rc1+ 42. Kg2 g4 43. h3 gxh3+ 44. Kxh3 Rh1+ 45. Kg4 Rh8
46. Rf5+ Ke6 47. Kf4 Rb8 48. g4 Rg8 49. g5 Rg7 50. Kg4 Rf7 51. Ra5 Rd7 52. Kh5
Kf7 53. Kh6 Rd8 54. Kh7 Rd2 55. Rf5+ Ke7 56. g6 Rh2+ 57. Kg8 Ke6 58. Rf1 Rb2
59. g7 Rb8+ 60. Kh7 1-0

[Event "aut_ychb14 St. Georgen"]
[Site "?"]
[Date "2007.??.??"]
[Round "1.3"]
[White "Liao, Kevin"]
[Black "Hartl, Daniel"]
[Result "0-1"]
[WhiteElo "1683"]
[BlackElo "1969"]
[PlyCount "48"]
[EventDate "2007.05.26"]

1. e4 Nf6 2. e5 Nd5 3. c4 Nb6 4. Nc3 d6 5. exd6 exd6 6. d4 Nc6 7. Nf3 Bg4 8.
Be3 Be7 9. c5 Nd7 10. b4 Nxb4 11. Qb3 dxc5 12. dxc5 Nxc5 13. Bxc5 Bxc5 14. Ne5
Qe7 15. Bb5+ c6 16. O-O Be6 17. Bc4 O-O 18. Rfe1 Rad8 19. Ng6 hxg6 20. Bxe6
Bxf2+ 21. Kxf2 Nd3+ 22. Kg3 Qd6+ 23. Kg4 Qf4+ 24. Kh3 Nf2# 0-1

[Event "aut_ychb14 St. Georgen"]
[Site "?"]
[Date "2007.??.??"]
[Round "1.4"]
[White "Schnegg, Daniel"]
[Black "Mrakotsky, Mario"]
[Result "1-0"]
[WhiteElo "1924"]
[BlackElo "1648"]
[PlyCount "87"]
[EventDate "2007.05.26"]

1. e4 c5 2. Nf3 Nc6 3. d4 cxd4 4. Nxd4 e5 5. Nb5 d6 6. N1c3 a6 7. Na3 Be7 8.
Nd5 h6 9. Be3 Nd4 10. c3 Ne6 11. Nxe7 Nxe7 12. Nc4 O-O 13. Qxd6 Qxd6 14. Nxd6
Rd8 15. Nc4 Nc6 16. Nb6 Rb8 17. Bc4 Rd6 18. O-O Nf4 19. Rfd1 Rg6 20. g3 Be6 21.
Bxe6 Nxe6 22. Rd6 Nf8 23. Rad1 Rxd6 24. Rxd6 Rd8 25. Rxd8 Nxd8 26. b4 Nc6 27.
a4 Ng6 28. Kf1 Kf8 29. Nc8 f6 30. Bc5+ Kg8 31. Nd6 Nd8 32. Bb6 Nc6 33. Nxb7
Nge7 34. a5 Kf7 35. Nc5 Nb8 36. Bc7 Nec6 37. Ke2 Ke7 38. Kd3 g6 39. Kc4 f5 40.
f3 fxe4 41. Nxe4 Kd7 42. Bxb8 Nxb8 43. Kd5 Nc6 44. Nc5+ 1-0

[Event "aut_ychb14 St. Georgen"]
[Site "?"]
[Date "2007.??.??"]
[Round "1.5"]
[White "Handler, Lukas"]
[Black "Schnegg, Martin"]
[Result "0-1"]
[WhiteElo "1630"]
[BlackElo "1904"]
[PlyCount "60"]
[EventDate "2007.05.26"]

1. d4 d5 2. c4 e6 3. Nc3 Nf6 4. cxd5 Nxd5 5. e4 Nxc3 6. bxc3 Be7 7. Nf3 O-O 8.
Bd3 b6 9. O-O Bb7 10. Bf4 Nd7 11. Rc1 Nf6 12. Qc2 h6 13. Rfe1 c5 14. Qd2 c4 15.
Bc2 b5 16. e5 Nd5 17. Bxh6 b4 18. Bxg7 Kxg7 19. Re4 Rh8 20. Rg4+ Kf8 21. cxb4
Bxb4 22. Qe2 Rc8 23. Ng5 Nf4 24. Qe3 Nd5 25. Nxe6+ fxe6 26. Qf3+ Ke8 27. Rg7
Be7 28. Bf5 exf5 29. Qxf5 Qd7 30. e6 Qd6 0-1

[Event "aut_ychb14 St. Georgen"]
[Site "?"]
[Date "2007.??.??"]
[Round "1.6"]
[White "Wertjanz, David"]
[Black "Moerwald, Stefan"]
[Result "1-0"]
[WhiteElo "1885"]
[BlackElo "1562"]
[PlyCount "85"]
[EventDate "2007.05.26"]

1. e4 e6 2. d4 d5 3. e5 c5 4. c3 Qb6 5. Nf3 Nc6 6. a3 Bd7 7. b4 c4 8. Be3 a5 9.
Nbd2 Qa6 10. Rb1 axb4 11. axb4 b5 12. Be2 Nge7 13. O-O Nf5 14. Ra1 Qb7 15. Qc2
Be7 16. Rxa8+ Qxa8 17. Qb2 O-O 18. Ra1 Qb7 19. Qa2 Nxe3 20. fxe3 h6 21. Ne1 Bg5
22. Nc2 Qc7 23. Nf3 Be7 24. Qa6 Rc8 25. Qa3 Qb7 26. Nd2 Qc7 27. Bf3 Bg5 28. g3
Bd8 29. e4 Ne7 30. Ne3 Bc6 31. Qc1 Qb7 32. Qc2 Ra8 33. Rf1 Bb6 34. exd5 Nxd5
35. Nxd5 Bxd5 36. Ne4 Qc6 37. Qe2 Ra3 38. Qe3 Bxe4 39. Bxe4 Qd7 40. Kh1 Qc7 41.
g4 Qxe5 42. Bh7+ Kxh7 43. Qxe5 1-0

[Event "aut_ychb14 St. Georgen"]
[Site "?"]
[Date "2007.??.??"]
[Round "1.7"]
[White "Guetz, Andreas"]
[Black "Kozomara, David"]
[Result "0-1"]
[WhiteElo "1527"]
[BlackElo "1748"]
[PlyCount "64"]
[EventDate "2007.05.26"]

1. e4 c5 2. Nf3 e6 3. d4 cxd4 4. Nxd4 a6 5. Nc3 Nc6 6. g3 d6 7. Bg2 Qc7 8. O-O
Nf6 9. Be3 Be7 10. Nde2 Rb8 11. f4 Ng4 12. Qd2 O-O 13. Bf3 Nxe3 14. Qxe3 b5 15.
a3 Na5 16. b3 Bb7 17. e5 d5 18. b4 Nc4 19. Qd3 Rfc8 20. Rfb1 f6 21. Bg4 f5 22.
Bf3 Ba8 23. a4 bxa4 24. Rxa4 Rxb4 25. Raxb4 Bxb4 26. Rxb4 Qc5+ 27. Nd4 Qxb4 28.
Nxe6 Nxe5 29. fxe5 Rxc3 30. Qxf5 Qb1+ 31. Kf2 Rxc2+ 32. Be2 Rxe2+ 0-1

[Event "aut_ychb14 St. Georgen"]
[Site "?"]
[Date "2007.??.??"]
[Round "1.8"]
[White "Lehner, Konrad"]
[Black "Matt, Fabian"]
[Result "1-0"]
[WhiteElo "1724"]
[BlackElo "1509"]
[PlyCount "119"]
[EventDate "2007.05.26"]

1. Nc3 e5 2. Nf3 Nc6 3. e4 Nf6 4. d4 exd4 5. Nxd4 Bb4 6. Nxc6 bxc6 7. Bd3 d5 8.
exd5 cxd5 9. O-O O-O 10. Bg5 Bxc3 11. bxc3 h6 12. Bh4 Qd6 13. h3 Bb7 14. Qf3
Nd7 15. Bg3 Qc6 16. Qf5 g6 17. Qf4 d4 18. f3 Kh7 19. Be4 Qa6 20. Qxc7 Bxe4 21.
fxe4 Qe6 22. cxd4 Nf6 23. Rae1 Rac8 24. d5 Qa6 25. Qe7 Ne8 26. Rxf7+ Rxf7 27.
Qxf7+ Ng7 28. Be5 Rg8 29. d6 Qa5 30. c3 Qxe5 31. d7 Qxc3 32. Qxg8+ Kxg8 33.
d8=Q+ Kh7 34. Qd1 Nh5 35. Qd7+ Kg8 36. Qe8+ Kg7 37. Rf1 Qe3+ 38. Kh2 Qg3+ 39.
Kh1 Qc7 40. Rd1 Nf6 41. Qd8 Qxd8 42. Rxd8 Nxe4 43. Rd7+ Kf6 44. Rxa7 h5 45. Kh2
Kf5 46. Ra5+ Ke6 47. g3 Nf6 48. Kg2 Nd5 49. Rxd5 Kxd5 50. Kf3 g5 51. h4 gxh4
52. gxh4 Ke5 53. a4 Kd5 54. Kf4 Kc4 55. Kg5 Kb4 56. Kxh5 Kxa4 57. Kg6 Kb5 58.
h5 Kc5 59. h6 Kd5 60. h7 1-0

[Event "aut_ychb14 St. Georgen"]
[Site "?"]
[Date "2007.??.??"]
[Round "1.9"]
[White "Salzer, Tobias"]
[Black "Dimitriadis, Philipp"]
[Result "0-1"]
[WhiteElo "1427"]
[BlackElo "1718"]
[PlyCount "84"]
[EventDate "2007.05.26"]

1. d4 d5 2. c4 e6 3. Nf3 Nd7 4. e3 Ngf6 5. Nc3 c6 6. Bd3 dxc4 7. Bxc4 Nb6 8.
Bb3 c5 9. O-O cxd4 10. Qxd4 Qxd4 11. Nxd4 Be7 12. Ndb5 O-O 13. Rd1 Bd7 14. Nd4
Rac8 15. Bd2 Rfd8 16. Rac1 Nc4 17. Bxc4 Rxc4 18. Nce2 Rxc1 19. Rxc1 e5 20. Nb3
Be6 21. Bc3 Bxb3 22. axb3 Nd7 23. b4 f6 24. e4 Nb8 25. f3 Na6 26. b5 Nc5 27.
Bb4 b6 28. Bxc5 Bxc5+ 29. Kf1 Rd2 30. b3 Rb2 31. Rc3 Rb1+ 32. Rc1 Rxb3 33. Ng3
Rxb5 34. h4 Rb2 35. Ne2 a5 36. g4 a4 37. Ke1 a3 38. Ra1 a2 39. Nc1 Rb1 40. Rxa2
Rxc1+ 41. Kd2 Rf1 42. Ke2 Rf2+ 0-1

[Event "aut_ychb14 St. Georgen"]
[Site "?"]
[Date "2007.??.??"]
[Round "1.10"]
[White "Riemelmoser, Stefan"]
[Black "Mueller, Sebastian"]
[Result "1-0"]
[WhiteElo "1717"]
[BlackElo "1395"]
[PlyCount "69"]
[EventDate "2007.05.26"]

1. e4 e6 2. d4 d5 3. Nc3 c5 4. dxc5 dxe4 5. Qxd8+ Kxd8 6. Nxe4 Nf6 7. Bg5 Be7
8. O-O-O+ Bd7 9. Nd6 Bxd6 10. Rxd6 Kc8 11. Bxf6 gxf6 12. Nf3 Rd8 13. Bd3 h6 14.
Rd1 Nc6 15. Bb5 Kc7 16. Nd4 Nxd4 17. Bxd7 Rxd7 18. R1xd4 Rad8 19. Rxd7+ Rxd7
20. Rxd7+ Kxd7 21. b4 Kc6 22. Kb2 b6 23. cxb6 Kxb6 24. c4 e5 25. Kb3 a6 26. c5+
Kc6 27. Kc4 e4 28. a4 f5 29. b5+ axb5+ 30. axb5+ Kc7 31. g3 h5 32. Kd5 h4 33.
b6+ Kb7 34. Kd6 hxg3 35. hxg3 1-0

[Event "aut_ychb14 St. Georgen"]
[Site "?"]
[Date "2007.??.??"]
[Round "2.1"]
[White "Halvax, Georg"]
[Black "Wertjanz, David"]
[Result "1-0"]
[WhiteElo "2008"]
[BlackElo "1885"]
[PlyCount "45"]
[EventDate "2007.05.26"]

1. e4 c5 2. Nf3 d6 3. d4 cxd4 4. Nxd4 Nf6 5. Nc3 a6 6. Be3 e5 7. Nb3 Be6 8. f3
Be7 9. Qd2 O-O 10. O-O-O Qc7 11. g4 Rc8 12. Kb1 d5 13. exd5 Nxd5 14. Nxd5 Bxd5
15. Bg2 Be6 16. h3 a5 17. Nc1 a4 18. f4 a3 19. b3 Bb4 20. Qf2 Qc3 21. Nd3 Rc7
22. fxe5 Na6 23. Bd4 1-0

[Event "aut_ychb14 St. Georgen"]
[Site "?"]
[Date "2007.??.??"]
[Round "2.2"]
[White "Kozomara, David"]
[Black "Azad, Razik"]
[Result "0-1"]
[WhiteElo "1748"]
[BlackElo "1974"]
[PlyCount "126"]
[EventDate "2007.05.26"]

1. e4 c5 2. Nf3 d6 3. d4 cxd4 4. Nxd4 Nf6 5. Nc3 a6 6. Be2 e5 7. Nb3 Be7 8. O-O
O-O 9. Kh1 b6 10. Be3 Bb7 11. Nd5 Nxd5 12. exd5 f5 13. f4 Nd7 14. c4 a5 15. Rc1
a4 16. Nd2 e4 17. Nb1 Bf6 18. Nc3 Nc5 19. Bxc5 bxc5 20. Nxa4 Qa5 21. b3 Bc8 22.
Qe1 Bd7 23. Qxa5 Rxa5 24. Bd1 Rb8 25. Rf2 Bxa4 26. bxa4 Ra7 27. Bb3 Re7 28. Re1
Kf7 29. g3 Bd4 30. Rfe2 Kf6 31. Kg2 h6 32. h3 g5 33. fxg5+ hxg5 34. g4 Bc3 35.
Rc1 f4 36. Rxc3 f3+ 37. Rxf3+ exf3+ 38. Kxf3 Rxe2 39. Kxe2 Rh8 40. Kf3 Rxh3+
41. Kg2 Rh7 42. Bc2 Rb7 43. Kf3 Ke5 44. Ke3 Rb2 45. Bb3 Rg2 46. Kf3 Rh2 47. Kg3
Rh8 48. Kf3 Kd4 49. Kg2 Rb8 50. Kf3 Rb4 51. Kf2 Rxc4 52. Bd1 Rb4 53. a3 Rb2+
54. Ke1 Ra2 55. Be2 Rxa3 56. Bb5 c4 57. Kd2 Kxd5 58. Kc2 Rg3 59. a5 Kc5 60. Bd7
Ra3 61. a6 Ra2+ 62. Kc3 d5 63. Be6 d4# 0-1

[Event "aut_ychb14 St. Georgen"]
[Site "?"]
[Date "2007.??.??"]
[Round "2.3"]
[White "Hartl, Daniel"]
[Black "Lehner, Konrad"]
[Result "1-0"]
[WhiteElo "1969"]
[BlackElo "1724"]
[PlyCount "111"]
[EventDate "2007.05.26"]

1. e4 c5 2. Nf3 Nc6 3. Bb5 g6 4. O-O Bg7 5. Re1 Nf6 6. e5 Nd5 7. Nc3 Nc7 8.
Bxc6 bxc6 9. d3 O-O 10. Ne4 Ne6 11. Be3 d6 12. exd6 exd6 13. Qc1 Qe7 14. Bh6
Rb8 15. Bxg7 Kxg7 16. b3 d5 17. Qb2+ f6 18. Neg5 Qd6 19. Nxe6+ Bxe6 20. Qa3 Rf7
21. d4 Bg4 22. Re3 Bxf3 23. Rxf3 Re8 24. dxc5 Qe5 25. Rf1 Qe2 26. Qb2 Re6 27.
Qc3 Rfe7 28. Rd3 Re5 29. Rdd1 Qb5 30. a4 Qe2 31. h3 Kf7 32. Qd2 Qh5 33. Rfe1
Qf5 34. Rxe5 Qxe5 35. b4 Qe4 36. c3 a6 37. Kf1 Qc4+ 38. Qd3 Qb3 39. a5 Re4 40.
Re1 Qc4 41. Qxc4 Rxc4 42. Re3 d4 43. Re4 Rxc3 44. Rxd4 Rb3 45. Ke2 Ke7 46. Kd2
Rb2+ 47. Ke3 Rb3+ 48. Kf4 h5 49. h4 Rb2 50. Kg3 Re2 51. f3 f5 52. Kf4 Re6 53.
g4 fxg4 54. fxg4 hxg4 55. Kxg4 Re1 56. Rd6 1-0

[Event "aut_ychb14 St. Georgen"]
[Site "?"]
[Date "2007.??.??"]
[Round "2.4"]
[White "Dimitriadis, Philipp"]
[Black "Schnegg, Daniel"]
[Result "0-1"]
[WhiteElo "1718"]
[BlackElo "1924"]
[PlyCount "48"]
[EventDate "2007.05.26"]

1. d4 Nf6 2. Bg5 e6 3. Nf3 c5 4. e3 Be7 5. Nbd2 O-O 6. c4 cxd4 7. exd4 b6 8.
Bd3 d5 9. b3 Nc6 10. Be3 Bb7 11. O-O Rc8 12. Rc1 Ba3 13. Rc2 Nb4 14. Be2 Nxc2
15. Qxc2 dxc4 16. bxc4 Bd6 17. Qa4 Bc6 18. Qb3 h6 19. Rc1 Ng4 20. h3 Nxe3 21.
Qxe3 Qf6 22. Ne4 Bxe4 23. Qxe4 Rc7 24. Nd2 Qf4 0-1

[Event "aut_ychb14 St. Georgen"]
[Site "?"]
[Date "2007.??.??"]
[Round "2.5"]
[White "Schnegg, Martin"]
[Black "Riemelmoser, Stefan"]
[Result "1-0"]
[WhiteElo "1904"]
[BlackElo "1717"]
[PlyCount "41"]
[EventDate "2007.05.26"]

1. f4 Nf6 2. Nf3 d5 3. e3 g6 4. b3 Bg7 5. Bb2 O-O 6. Be2 b6 7. O-O Bb7 8. c4 c5
9. cxd5 Nxd5 10. Bxg7 Kxg7 11. Qc2 Nc6 12. Nc3 e6 13. Qb2 Kg8 14. Ng5 Qe7 15.
Bc4 Rad8 16. Rf3 Nxc3 17. Qxc3 h6 18. Rh3 e5 19. Rxh6 Qd7 20. Rxg6+ Kh8 21. Qc2
1-0

[Event "aut_ychb14 St. Georgen"]
[Site "?"]
[Date "2007.??.??"]
[Round "2.6"]
[White "Moerwald, Stefan"]
[Black "Gerhold, Christoph"]
[Result "0-1"]
[WhiteElo "1562"]
[BlackElo "1689"]
[PlyCount "76"]
[EventDate "2007.05.26"]

1. e4 c5 2. Nf3 Nc6 3. d4 cxd4 4. Nxd4 Nf6 5. Nc3 e5 6. Nf3 Bb4 7. Bd2 Bxc3 8.
Bxc3 Nxe4 9. Bxe5 Nxe5 10. Nxe5 Qa5+ 11. c3 Qxe5 12. Qe2 Qe6 13. Qc4 Nf6+ 14.
Qxe6+ dxe6 15. Bc4 a6 16. O-O b5 17. Bb3 Bb7 18. a4 O-O 19. a5 Rfd8 20. Rad1
Ne4 21. Bc2 Nd2 22. Rfe1 Nc4 23. b4 Rac8 24. Bb3 Bd5 25. Re2 Rd6 26. h3 Rcd8
27. Ree1 Nb2 28. Rd2 Bxb3 29. Rxb2 Rd1 30. Rf1 Bc4 31. Rxd1 Rxd1+ 32. Kh2 Rc1
33. Rd2 Bd5 34. Rd3 Kf8 35. Kg3 Ke7 36. f3 Rc2 37. h4 Bc4 38. Re3 Bf1 0-1

[Event "aut_ychb14 St. Georgen"]
[Site "?"]
[Date "2007.??.??"]
[Round "2.7"]
[White "Kammerer, Gernot"]
[Black "Guetz, Andreas"]
[Result "1-0"]
[WhiteElo "1687"]
[BlackElo "1527"]
[PlyCount "57"]
[EventDate "2007.05.26"]

1. e4 c5 2. Nf3 Nc6 3. d4 cxd4 4. Nxd4 Nf6 5. Nc3 e5 6. Ndb5 d6 7. Bg5 a6 8.
Na3 Be7 9. Bxf6 Bxf6 10. Nc4 Nd4 11. Nd5 Be6 12. Ncb6 Bxd5 13. Nxd5 O-O 14. c3
Ne6 15. Bd3 Rc8 16. O-O Nc5 17. b4 Nxd3 18. Qxd3 Bg5 19. Rfd1 Rc6 20. a4 Qd7
21. b5 axb5 22. Qxb5 Rd8 23. Rab1 Ra6 24. Qxd7 Rxd7 25. Rb4 Rc6 26. Rdb1 Bd2
27. Rxb7 Rxb7 28. Rxb7 h6 29. Ne7+ 1-0

[Event "aut_ychb14 St. Georgen"]
[Site "?"]
[Date "2007.??.??"]
[Round "2.8"]
[White "Matt, Fabian"]
[Black "Liao, Kevin"]
[Result "1-0"]
[WhiteElo "1509"]
[BlackElo "1683"]
[PlyCount "83"]
[EventDate "2007.05.26"]

1. e4 e5 2. Nf3 Nc6 3. Nc3 Nf6 4. d4 exd4 5. Nxd4 Bc5 6. Be3 d6 7. Nxc6 bxc6 8.
Bxc5 dxc5 9. Qxd8+ Kxd8 10. O-O-O+ Ke7 11. f3 Be6 12. Bd3 c4 13. Be2 Rab8 14.
f4 Bg4 15. Rd4 Bxe2 16. Nxe2 Nd7 17. Rxc4 c5 18. Rd1 Rb7 19. Ng3 g6 20. Rc3 Nb6
21. Rxc5 Na4 22. Re5+ Kf6 23. b3 Nc3 24. Rd7 Rf8 25. a4 h5 26. Rc5 Na2+ 27. Kb2
Nb4 28. Rcxc7 Rxc7 29. Rxc7 Rd8 30. Rxa7 Rc8 31. c3 Nd3+ 32. Kc2 Nxf4 33. a5 h4
34. Nf1 Nxg2 35. b4 g5 36. b5 g4 37. b6 h3 38. b7 Rb8 39. a6 Ne3+ 40. Nxe3 g3
41. hxg3 Kg5 42. Nf1 1-0

[Event "aut_ychb14 St. Georgen"]
[Site "?"]
[Date "2007.??.??"]
[Round "2.9"]
[White "Mrakotsky, Mario"]
[Black "Salzer, Tobias"]
[Result "0-1"]
[WhiteElo "1648"]
[BlackElo "1427"]
[PlyCount "42"]
[EventDate "2007.05.26"]

1. e4 e5 2. Nf3 Nc6 3. d4 exd4 4. Nxd4 Nf6 5. Bg5 h6 6. Bh4 Bc5 7. c3 O-O 8.
Nxc6 bxc6 9. Bd3 Re8 10. O-O d5 11. exd5 cxd5 12. Qf3 g5 13. Qg3 Ng4 14. Bc2
Nxf2 15. Qf3 gxh4 16. Nd2 Bg4 17. Qf4 Nh3+ 18. Kh1 Nxf4 19. Rxf4 Qg5 20. Raf1
Re7 21. Nb3 Qxf4 0-1

[Event "aut_ychb14 St. Georgen"]
[Site "?"]
[Date "2007.??.??"]
[Round "2.10"]
[White "Mueller, Sebastian"]
[Black "Handler, Lukas"]
[Result "0-1"]
[WhiteElo "1395"]
[BlackElo "1630"]
[PlyCount "60"]
[EventDate "2007.05.26"]

1. e4 c6 2. d4 d5 3. Nc3 dxe4 4. Nxe4 Bf5 5. Ng3 Bg6 6. Nf3 Nd7 7. Bc4 e6 8.
O-O Ngf6 9. Re1 Bd6 10. Ng5 O-O 11. Bxe6 fxe6 12. Nxe6 Qa5 13. Nxf8 Nxf8 14. c3
Kh8 15. Bd2 Qb6 16. Qb3 Qc7 17. Nf1 N8d7 18. g3 Nb6 19. c4 Bf7 20. Ne3 Qd7 21.
Kg2 Bc7 22. Bc3 Bg6 23. f3 Bf7 24. Rad1 a5 25. d5 a4 26. dxc6 Qxc6 27. Qc2 Nxc4
28. Nxc4 Bxc4 29. Bxf6 Bf1+ 30. Rxf1 Qxc2+ 0-1

[Event "aut_ychb14 St. Georgen"]
[Site "?"]
[Date "2007.??.??"]
[Round "3.1"]
[White "Schnegg, Daniel"]
[Black "Halvax, Georg"]
[Result "1/2-1/2"]
[WhiteElo "1924"]
[BlackElo "2008"]
[PlyCount "51"]
[EventDate "2007.05.26"]

1. e4 c5 2. Nf3 Nc6 3. d4 cxd4 4. Nxd4 Nf6 5. Nc3 e5 6. Ndb5 d6 7. Bg5 a6 8.
Na3 b5 9. Nd5 Be7 10. Bxf6 Bxf6 11. c3 Ne7 12. Nc2 Bb7 13. Nce3 O-O 14. Qd3 Bg5
15. Nxe7+ Bxe7 16. Rd1 Qc7 17. Nd5 Bxd5 18. Qxd5 Qb6 19. Be2 Rac8 20. O-O Rc5
21. Qb3 Rb8 22. Kh1 Rb7 23. Rd2 Bg5 24. Rd5 Qc6 25. Rfd1 Rxd5 26. Qxd5 1/2-1/2

[Event "aut_ychb14 St. Georgen"]
[Site "?"]
[Date "2007.??.??"]
[Round "3.2"]
[White "Azad, Razik"]
[Black "Hartl, Daniel"]
[Result "1-0"]
[WhiteElo "1974"]
[BlackElo "1969"]
[PlyCount "111"]
[EventDate "2007.05.26"]

1. e4 Nf6 2. e5 Nd5 3. d4 d6 4. Bc4 Nb6 5. Bb3 Nc6 6. exd6 exd6 7. c3 Bf5 8.
Qe2+ Be7 9. g4 Bg6 10. f4 Bxb1 11. Rxb1 O-O 12. h4 Re8 13. Kf1 Qd7 14. f5 Na5
15. Qd3 Nxb3 16. axb3 c5 17. d5 Bf6 18. Bg5 Qe7 19. Bxf6 Qxf6 20. Nf3 g6 21.
Kf2 Kh8 22. Rbe1 Nd7 23. h5 gxf5 24. g5 Qg7 25. Qxf5 f6 26. g6 Ne5 27. Reg1
Nxf3 28. Qxf3 h6 29. Re1 Re5 30. Rxe5 fxe5 31. Qe3 Rf8+ 32. Ke2 Rf4 33. Rf1
Rxf1 34. Kxf1 Qf6+ 35. Ke2 Kg7 36. Qh3 e4 37. Qd7+ Kf8 38. Qc8+ Kg7 39. Qxb7+
Kf8 40. Qa8+ Kg7 41. Qxa7+ Kf8 42. Qb8+ Kg7 43. Qc7+ Kf8 44. Qc8+ Kg7 45. Qd7+
Kf8 46. Qf7+ Qxf7 47. gxf7 Kxf7 48. Ke3 Kf6 49. b4 Ke5 50. b5 Kxd5 51. c4+ Ke6
52. Kxe4 Kd7 53. Kd5 Kc7 54. Ke6 Kb6 55. Kxd6 Kb7 56. Kxc5 1-0

[Event "aut_ychb14 St. Georgen"]
[Site "?"]
[Date "2007.??.??"]
[Round "3.3"]
[White "Wertjanz, David"]
[Black "Schnegg, Martin"]
[Result "1-0"]
[WhiteElo "1885"]
[BlackElo "1904"]
[PlyCount "97"]
[EventDate "2007.05.26"]

1. e4 c5 2. Nf3 d6 3. d4 cxd4 4. Nxd4 Nf6 5. Nc3 g6 6. Bg5 Bg7 7. Bb5+ Bd7 8.
Qe2 a6 9. Bxd7+ Nbxd7 10. O-O-O h6 11. Bh4 O-O 12. f4 Qa5 13. Rhe1 e5 14. Nb3
Qb6 15. fxe5 dxe5 16. Nd5 Nxd5 17. Rxd5 Nb8 18. Red1 Nc6 19. Bf2 Qb4 20. Bc5
Qa4 21. Bxf8 Rxf8 22. a3 Nd4 23. Nxd4 exd4 24. e5 Re8 25. R1xd4 Qc6 26. Rd8
Rxd8 27. Rxd8+ Kh7 28. Qf3 Qc4 29. Rd7 Kg8 30. Qxb7 Bxe5 31. Kb1 Bxh2 32. Qd5
Qf1+ 33. Ka2 Qf6 34. c4 Be5 35. Rb7 Qf4 36. c5 Bc7 37. c6 a5 38. g3 Qxg3 39.
Qd7 Qf4 40. Rxc7 Qc4+ 41. Kb1 Qe4+ 42. Kc1 Qf4+ 43. Kc2 Qc4+ 44. Kd2 Qf4+ 45.
Kd3 Qf1+ 46. Kd4 Qf6+ 47. Kc5 Qe5+ 48. Kb6 Qxb2+ 49. Ka7 1-0

[Event "aut_ychb14 St. Georgen"]
[Site "?"]
[Date "2007.??.??"]
[Round "3.4"]
[White "Gerhold, Christoph"]
[Black "Kozomara, David"]
[Result "0-1"]
[WhiteElo "1689"]
[BlackElo "1748"]
[PlyCount "68"]
[EventDate "2007.05.26"]

1. d4 Nf6 2. c4 c5 3. d5 b5 4. Nc3 b4 5. Nb1 d6 6. Bg5 Nbd7 7. Nd2 g6 8. e4 Bg7
9. Be2 a5 10. Rb1 a4 11. f4 Qa5 12. Ngf3 b3 13. axb3 axb3 14. Bd3 Ng4 15. Qe2
Qb4 16. h3 h6 17. Bxe7 Kxe7 18. hxg4 Re8 19. g5 h5 20. O-O Kd8 21. Qd1 Ra2 22.
Qxb3 Qxb3 23. Nxb3 Rxb2 24. Na5 Kc7 25. Rfe1 Ra2 26. Nc6 Ra3 27. Rbd1 Bc3 28.
Re2 Bb7 29. e5 dxe5 30. Ncxe5 Rf8 31. Rb1 Bc8 32. f5 Nxe5 33. Nxe5 Bd4+ 34. Kf1
Bxe5 0-1

[Event "aut_ychb14 St. Georgen"]
[Site "?"]
[Date "2007.??.??"]
[Round "3.5"]
[White "Lehner, Konrad"]
[Black "Kammerer, Gernot"]
[Result "1/2-1/2"]
[WhiteElo "1724"]
[BlackElo "1687"]
[PlyCount "47"]
[EventDate "2007.05.26"]

1. d4 Nf6 2. Nf3 g6 3. c4 Bg7 4. Nc3 d6 5. e4 O-O 6. Be2 Nbd7 7. O-O e5 8. d5
Nc5 9. Qc2 a5 10. h3 Nh5 11. Be3 Nf4 12. Rfe1 Bd7 13. Bxf4 exf4 14. Qd2 Qf6 15.
Rab1 Rfe8 16. Bd3 Nxd3 17. Qxd3 h6 18. Nb5 Rac8 19. Nbd4 g5 20. b3 h5 21. Nf5
Bxf5 22. exf5 Rxe1+ 23. Rxe1 g4 24. Nd2 1/2-1/2

[Event "aut_ychb14 St. Georgen"]
[Site "?"]
[Date "2007.??.??"]
[Round "3.6"]
[White "Handler, Lukas"]
[Black "Dimitriadis, Philipp"]
[Result "1-0"]
[WhiteElo "1630"]
[BlackElo "1718"]
[PlyCount "95"]
[EventDate "2007.05.26"]

1. d4 d5 2. c4 e6 3. Nc3 Nf6 4. cxd5 exd5 5. Bg5 Nbd7 6. e3 Be7 7. Bd3 c6 8.
Qc2 O-O 9. Nf3 Re8 10. O-O Nf8 11. Rab1 a5 12. a3 N6d7 13. Bxe7 Qxe7 14. b4 Qd6
15. Qb3 Nf6 16. b5 c5 17. dxc5 Qxc5 18. Rbc1 Qd6 19. Ne2 Bg4 20. Nfd4 Bxe2 21.
Nxe2 Ne6 22. Rfd1 Red8 23. Qb2 Nc5 24. Qb1 Qf8 25. Qb2 Qd6 26. h3 Rac8 27. Bf5
Rc7 28. Nd4 Na4 29. Qd2 Rxc1 30. Qxc1 Nb6 31. Qc3 Ra8 32. Bd3 Na4 33. Qc1 Nd7
34. Bc2 Ndb6 35. Nf5 Qc5 36. Bxa4 Qxc1 37. Rxc1 Nxa4 38. Ne7+ Kf8 39. Nxd5 Rd8
40. Nf4 Rd2 41. Rc8+ Ke7 42. Rc7+ Kf6 43. Rxb7 Nc5 44. Rc7 Nb3 45. b6 Rd8 46.
b7 Rb8 47. Nd3 a4 48. Kf1 1-0

[Event "aut_ychb14 St. Georgen"]
[Site "?"]
[Date "2007.??.??"]
[Round "3.7"]
[White "Riemelmoser, Stefan"]
[Black "Matt, Fabian"]
[Result "1-0"]
[WhiteElo "1717"]
[BlackElo "1509"]
[PlyCount "129"]
[EventDate "2007.05.26"]

1. e4 e5 2. Nf3 Nf6 3. Nxe5 d6 4. Nf3 Nxe4 5. d4 d5 6. Bd3 Bd6 7. O-O Bg4 8.
Re1 f5 9. h3 Bh5 10. c4 O-O 11. cxd5 Nd7 12. Nc3 Bb4 13. Bxe4 fxe4 14. Rxe4
Bxf3 15. gxf3 Bxc3 16. bxc3 Nf6 17. Re5 Qc8 18. Kh2 Nd7 19. Ba3 Nxe5 20. Bxf8
Qxf8 21. dxe5 Qf4+ 22. Kg2 Qxe5 23. Qd4 Qxd4 24. cxd4 Rd8 25. Rc1 Rd7 26. Kg3
Kf7 27. Kf4 Kf6 28. Rc5 a6 29. h4 h5 30. Ke4 Re7+ 31. Kf4 Rd7 32. a3 Re7 33.
Rc2 Rd7 34. Ke4 Re7+ 35. Kf4 Rd7 36. Rc5 Re7 37. Kg3 Rd7 38. Kf4 Re7 39. d6
cxd6 40. Rxh5 Re2 41. Rf5+ Ke6 42. Rg5 Kf6 43. Rf5+ Ke6 44. Rg5 Kf6 45. h5 Re6
46. d5 Re5 47. Rg6+ Kf7 48. Rxd6 Rxh5 49. Rd7+ Kf6 50. Rxb7 Rxd5 51. Rb6+ Kf7
52. Rxa6 g6 53. a4 Kg7 54. a5 Kh6 55. Kg4 Rg5+ 56. Kf4 Rb5 57. Ra8 g5+ 58. Kg3
Rb4 59. a6 Ra4 60. Kg2 Kg6 61. Kf1 Ra2 62. Ke1 Kf6 63. Kd1 Ke6 64. a7 Kd7 65.
Rh8 1-0

[Event "aut_ychb14 St. Georgen"]
[Site "?"]
[Date "2007.??.??"]
[Round "3.8"]
[White "Salzer, Tobias"]
[Black "Moerwald, Stefan"]
[Result "0-1"]
[WhiteElo "1427"]
[BlackElo "1562"]
[PlyCount "58"]
[EventDate "2007.05.26"]

1. d4 e6 2. e4 d5 3. Nc3 Nf6 4. e5 Nfd7 5. f4 c5 6. Nf3 Qb6 7. Na4 Qc7 8. dxc5
Nxc5 9. Nxc5 Bxc5 10. Bd3 Bd7 11. Qe2 Qb6 12. c3 a5 13. g4 Nc6 14. h3 Ne7 15.
a3 g6 16. h4 h5 17. gxh5 Rxh5 18. Rh3 a4 19. Nd4 Nc6 20. Nxc6 Bxc6 21. f5 Qc7
22. fxg6 Rxe5 23. gxf7+ Kxf7 24. Rf3+ Ke8 25. Be3 Qg7 26. Kd2 d4 27. cxd4 Bxd4
28. Rg1 Qxg1 29. Bg6+ Qxg6 0-1